00992 2200313 4500001002100000005001500021035002000036007000300056008004100059020002200100082001500122084001700137100003100154245011300185250003500298300004900333650001100382700003600393504003300429264004200462336002100504337003000525338002300555040002200578090002200600850001200622999002200634990002200656INLIS00000000087637820230324103758 a0010-0223000246ta230214s2023 yoi g 000 0 ind d a978-623-400-364-204223a808.51 a808.51 DEV t0 aDevina Tasya S.ePengarang10a7 hari langsung jago berpidato kapan pun dan di mana pun /cDevina Tasya S.; penyunting, Nindya Ferrtikasari aCetakan Pertama: Februari 2023 avi, 154 halaman :bilustrasi, tabel ;c20 cm 4aPidato0 aNindya FerrtikasariePenyunting aBibliografi: halaman 147-14831aYogyakarta :bPsikologi Corner,c2023 2rdacontentateks 2rdamediaatanpa perantara 2rdacarrieravolume aYOPDYOGbinderda aCB-D.11 2023-0002 aYOPDYOG aCB-D.11/2023-0002 aCB-D.11/2023-0002